[Event "Niedersachsen-ch op-C"]
[Site "Verden an der Aller"]
[Date "2020.01.05"]
[Round "7"]
[White "Wegmann, Uwe"]
[Black "Janssen, Markus"]
[Result "0-1"]
[WhiteElo "1273"]
[BlackElo "1099"]
[PlyCount "85"]
[EventDate "2020.01.02"]
[EventType "swiss"]
[EventRounds "7"]
[EventCountry "GER"]
[SourceTitle "EXT 2023"]
[Source "ChessBase"]
[SourceDate "2022.10.05"]
[SourceVersion "1"]
[SourceVersionDate "2022.10.05"]
[SourceQuality "1"]

1. e4 e5 2. Nf3 Nc6 3. Bc4 Bc5 4. a3 Nf6 5. b4 Bb6 6. Bb2 Nxe4 7. 0-0 d6 8. d3 Nf6 9. d4 e4 10. Ng5 d5 11. Bb3 h6 12. Nh3 Bxh3 13. gxh3 Qd7 14. Kg2 Ne7 15. f4 c6 16. f5 Nxf5 17. Qe1 Bxd4 18. c3 Ne3+ 19. Kh1 Nxf1 20. Qxf1 Be5 21. Nd2 Qd6 22. Qg2 Nh5 23. Rd1 Qg6 24. Qe2 Nf4 25. Qf1 e3 26. Nf3 e2 27. Qg1 exd1Q 28. Bxd1 Qxg1+ 29. Kxg1 Nxh3+ 30. Kg2 Nf4+ 31. Kf1 f6 32. Bc1 Ne6 33. Nh4 Nf4 34. Bxf4 Bxf4 35. Ng6 Rg8 36. Nxf4 0-0-0 37. Bg4+ Kb8 38. Nd3 Rge8 39. Nc5 Re3 40. Ne6 Rd7 41. Nd4 Rde7 42. b5 cxb5 43. Nf5 0-1

[Event "Niedersachsen-ch op C"]
[Site "Verden"]
[Date "2018.01.06"]
[Round "6"]
[White "Dopmann, Jan"]
[Black "Wegmann, Uwe"]
[Result "1-0"]
[WhiteElo "1440"]
[BlackElo "1157"]
[PlyCount "73"]
[EventDate "2018.01.04"]
[EventType "swiss"]
[EventRounds "7"]
[EventCountry "GER"]
[SourceTitle "EXT 2022"]
[Source "ChessBase"]
[SourceDate "2021.10.06"]
[SourceVersion "1"]
[SourceVersionDate "2021.10.06"]
[SourceQuality "1"]

1. e4 e5 2. Nf3 Nc6 3. d4 d6 4. dxe5 Nxe5 5. Nxe5 dxe5 6. Qxd8+ Kxd8 7. Bc4 f6 8. Be3 Bd6 9. Nc3 Bd7 10. 0-0-0 Ne7 11. Nb5 Bxb5 12. Bxb5 a6 13. Ba4 b5 14. Bb3 Kd7 15. Rd3 Rhd8 16. Rhd1 Ke8 17. Be6 Nc6 18. Bd5 Nb4 19. Bxa8 Nxd3+ 20. Rxd3 Rxa8 21. Rd5 Ke7 22. Bc5 b4 23. Bxd6+ cxd6 24. Ra5 Ke6 25. Kd2 g6 26. Kd3 f5 27. f3 Kd7 28. a3 b3 29. cxb3 Kc6 30. b4 f4 31. b5+ Kb6 32. Rxa6+ Rxa6 33. bxa6 Kxa6 34. Kc4 h6 35. Kd5 g5 36. Kxd6 g4 37. Kxe5 1-0

[Event "Niedersachsen-ch op C"]
[Site "Verden"]
[Date "2018.01.05"]
[Round "4"]
[White "Schlie, Johann"]
[Black "Wegmann, Uwe"]
[Result "1-0"]
[WhiteElo "1335"]
[BlackElo "1157"]
[PlyCount "75"]
[EventDate "2018.01.04"]
[EventType "swiss"]
[EventRounds "7"]
[EventCountry "GER"]
[SourceTitle "EXT 2022"]
[Source "ChessBase"]
[SourceDate "2021.10.06"]
[SourceVersion "1"]
[SourceVersionDate "2021.10.06"]
[SourceQuality "1"]

1. d4 Nf6 2. e3 e6 3. f4 Nc6 4. Nf3 d6 5. c3 a6 6. Be2 h6 7. 0-0 Bd7 8. Nbd2 b5 9. a3 Ng4 10. Ne4 Be7 11. h3 Nf6 12. Nf2 d5 13. Ne5 Nxe5 14. fxe5 Nh7 15. Bh5 0-0 16. e4 Bg5 17. exd5 exd5 18. Qf3 Be6 19. Nd3 g6 20. Bg4 f5 21. Bh5 Qe8 22. Nf4 Bf7 23. Qd3 gxh5 24. h4 Kh8 25. hxg5 Rg8 26. Nh3 Qe7 27. Rxf5 Be6 28. Rf2 Bxh3 29. Qxh3 Nxg5 30. Qxh5 Qg7 31. Bxg5 Qxg5 32. Qxg5 hxg5 33. Raf1 Rae8 34. Kh2 Kh7 35. Rf6 Ra8 36. Kg3 Kg7 37. Rf7+ Kg6 38. R1f6+ 1-0

[Event "Niedersachsen-ch op C"]
[Site "Verden"]
[Date "2018.01.04"]
[Round "1"]
[White "Wegmann, Uwe"]
[Black "Dunker, Lueder"]
[Result "1/2-1/2"]
[WhiteElo "1157"]
[BlackElo "1418"]
[PlyCount "90"]
[EventDate "2018.01.04"]
[EventType "swiss"]
[EventRounds "7"]
[EventCountry "GER"]
[SourceTitle "EXT 2022"]
[Source "ChessBase"]
[SourceDate "2021.10.06"]
[SourceVersion "1"]
[SourceVersionDate "2021.10.06"]
[SourceQuality "1"]

1. e4 c5 2. Nf3 Nc6 3. Be2 Nf6 4. d3 g6 5. c3 Bg7 6. h3 0-0 7. Be3 b6 8. 0-0 Qc7 9. Nbd2 Rd8 10. d4 cxd4 11. cxd4 d5 12. e5 Ne8 13. Ng5 f6 14. exf6 Bxf6 15. Rc1 Qd6 16. Bg4 Nxd4 17. Rxc8 Raxc8 18. Bxd4 Bxg5 19. Bxc8 Rxc8 20. Nf3 Bf6 21. Be3 Bxb2 22. Bh6 Bg7 23. Bxg7 Nxg7 24. Re1 e6 25. Ne5 Qa3 26. Nd7 Qxa2 27. Qf3 Qd2 28. Rd1 Qc3 29. Qf4 Qc2 30. Re1 Qf5 31. Qh4 g5 32. Qd4 Ne8 33. g4 Qf7 34. Ne5 Qf6 35. Qe3 Qf4 36. Qa3 Rc2 37. Nd3 Qd2 38. Qe7 Ng7 39. Qd8+ Kf7 40. Qd7+ Kg6 41. Rxe6+ Nxe6 42. Qxe6+ Kg7 43. Qe7+ Kg8 44. Qe8+ Kg7 45. Qe7+ Kg8 1/2-1/2

[Event "Niedersachsen-ch op-D"]
[Site "Verden"]
[Date "2017.01.07"]
[Round "5"]
[White "Lambrecht, Harald"]
[Black "Wegmann, Uwe"]
[Result "1-0"]
[WhiteElo "1400"]
[BlackElo "1095"]
[PlyCount "85"]
[EventDate "2017.01.05"]
[EventType "swiss"]
[EventRounds "7"]
[EventCountry "GER"]
[SourceTitle "CBM 187 Extra"]
[Source "ChessBase"]
[SourceDate "2018.11.04"]
[SourceVersion "1"]
[SourceVersionDate "2018.11.04"]
[SourceQuality "1"]

1. d4 Nf6 2. c4 e6 3. e3 c5 4. Bd3 Nc6 5. Nf3 h6 6. 0-0 Be7 7. a3 cxd4 8. exd4 d5 9. c5 b6 10. b4 a6 11. Bb2 Bd7 12. Qe2 b5 13. Ne5 0-0 14. f4 a5 15. Bxb5 Qc7 16. Bxc6 Rab8 17. b5 Bc8 18. b6 Qd8 19. Qd2 Ne4 20. Qxa5 f6 21. Ng6 Rf7 22. Qa7 Bd6 23. Qa4 Nxc5 24. dxc5 Bxc5+ 25. Bd4 Qxb6 26. Bxc5 Qxc5+ 27. Kh1 Ra7 28. Qd1 Qxc6 29. Qc1 Qd6 30. Nd2 e5 31. fxe5 Qe6 32. exf6 gxf6 33. Nf4 Qd6 34. Qc3 Ra4 35. Qg3+ Kf7 36. Qg6+ Ke7 37. Qg7+ Kd8 38. Qg8+ Kc7 39. Nxd5+ Kb7 40. Rab1+ Ka7 41. Rxb8 Rg4 42. Ra8+ Kb7 43. Qxc8# 1-0

[Event "Niedersachsen-ch op-D"]
[Site "Verden"]
[Date "2017.01.05"]
[Round "2"]
[White "Wegmann, Uwe"]
[Black "Arians, Rudolph"]
[Result "1/2-1/2"]
[WhiteElo "1095"]
[BlackElo "820"]
[PlyCount "109"]
[EventDate "2017.01.05"]
[EventType "swiss"]
[EventRounds "7"]
[EventCountry "GER"]
[SourceTitle "CBM 187 Extra"]
[Source "ChessBase"]
[SourceDate "2018.11.04"]
[SourceVersion "1"]
[SourceVersionDate "2018.11.04"]
[SourceQuality "1"]

1. e4 e6 2. d4 d5 3. e5 c5 4. Nf3 Nc6 5. c4 Qb6 6. Be3 Qxb2 7. Nbd2 Qb6 8. Nb3 cxd4 9. Nfxd4 Bb4+ 10. Bd2 Bxd2+ 11. Qxd2 Nxe5 12. c5 Qd8 13. Be2 Bd7 14. 0-0 Nf6 15. Qf4 Qc7 16. Rac1 0-0 17. Qg3 Rfc8 18. Nf3 Nxf3+ 19. Bxf3 Qxg3 20. fxg3 Rc7 21. Rfe1 Rac8 22. g4 b5 23. cxb6 axb6 24. Rb1 Rc2 25. a3 Ra2 26. g5 Ne8 27. Ra1 Rxa1 28. Nxa1 Rc3 29. Rb1 b5 30. Nb3 Nd6 31. Be2 Ne4 32. h4 Ng3 33. Nd4 Nxe2+ 34. Nxe2 Rxa3 35. Nd4 Ra5 36. Nb3 Ra7 37. Kf2 g6 38. Ke3 e5 39. Nc5 Be8 40. Nd3 Re7 41. Nb4 d4+ 42. Ke4 Kg7 43. Rf1 Bd7 44. Kd5 Re6 45. g4 h6 46. gxh6+ Kxh6 47. Rxf7 Bc8 48. Rc7 Re8 49. Ke4 Bxg4 50. Rc5 Bd7 51. Nd3 Kh5 52. Nxe5 Bf5+ 53. Kxd4 Kxh4 54. Rxb5 Rg8 55. Ke3 1/2-1/2